Eastern promise (Record no. 71850)

MARC details
000 -LEADER
fixed length control field 00928cam a2200205 4500
001 - CONTROL NUMBER
control field ABS66293
008 - FIXED-LENGTH DATA ELEMENTS--GENERAL INFORMATION
fixed length control field 021223n2002 000 0 eng u
035 ## - SYSTEM CONTROL NUMBER
System control number (Sirsi) u120879
100 ## - MAIN ENTRY--PERSONAL NAME
Personal name Minton, A
245 ## - TITLE STATEMENT
Title Eastern promise
260 ## - PUBLICATION, DISTRIBUTION, ETC.
Date of publication, distribution, etc. 2002
490 ## - SERIES STATEMENT
Series statement Housing Today
Volume/sequential designation (307) 31 October 2002, 26-28(3)
520 ## - SUMMARY, ETC.
Summary, etc. Second of two articles on measuring the success of regeneration projects. Looks at a project in Tower Hamlets which has tackled its housing problems with an across the borough solution. The starting point was the community plan, which aimed to get council departments working together with each other and with voluntary and community organisations. The council hopes these initiatives will improve the housing estates across Tower Hamlets.
590 ## - LOCAL NOTE (RLIN)
Local note ABS
650 ## - SUBJECT ADDED ENTRY--TOPICAL TERM
Topical term or geographic name entry element HOUSING ESTATES
650 ## - SUBJECT ADDED ENTRY--TOPICAL TERM
Topical term or geographic name entry element TOWER HAMLETS LBC
650 ## - SUBJECT ADDED ENTRY--TOPICAL TERM
Topical term or geographic name entry element LOCAL AUTHORITIES
690 ## - LOCAL SUBJECT ADDED ENTRY--TOPICAL TERM (OCLC, RLIN)
Topical term or geographic name as entry element REGENERATION
942 ## - ADDED ENTRY ELEMENTS (KOHA)
Suppress in OPAC 0
Holdings
Withdrawn status Lost status Source of classification or shelving scheme Damaged status Not for loan Home library Current library Shelving location Date acquired Total Checkouts Full call number Barcode Date last seen Copy number Price effective from Koha item type
    Dewey Decimal Classification     London London Journal article 23/12/2002   ABS66293 120879-1001 06/08/2019 1 06/08/2019 Journal article